| 000 | 00406nam a2200169Ia 4500 | ||
|---|---|---|---|
| 001 | 3241 | ||
| 003 | IN-NITTTR | ||
| 005 | 20251114232945.0 | ||
| 008 | 251113s9999||||xx |||||||||||||| ||eng|| | ||
| 040 | _beng | ||
| 040 | _cIN-NITTTR | ||
| 041 | _aeng | ||
| 082 | _a624.177 M459A | ||
| 100 | _aMcKaig, Thomas H. | ||
| 245 | 0 |
_aApplied structural design of buildings. / _cMcKaig, Thomas H. |
|
| 942 |
_2ddc _cBK |
||
| 999 |
_c5480 _d5480 |
||